[Event "AUT9798"]
[Site "Fuerstenfeld"]
[Date "1998.03.07"]
[Round "10"]
[White "Casagrande, H."]
[Black "Volkmann, F. K."]
[Result "0-1"]
[WhiteElo "2345"]
[BlackElo "2395"]
[PlyCount "86"]
[EventDate "1998.03.08"]

1. c4 e6 2. g3 d5 3. Bg2 Nf6 4. b3 a5 5. Bb2 a4 6. Nf3 a3 7. Bc3 c6 8. d3 Na6
9. O-O Bb4 10. Qd2 c5 11. cxd5 Nxd5 12. Bxb4 Naxb4 13. Nc3 O-O 14. Nxd5 exd5
15. d4 b6 16. dxc5 bxc5 17. Rac1 Qe7 18. Ne1 Bg4 19. f3 Bf5 20. Nd3 Bxd3 21.
exd3 Qe5 22. Rf2 Qd4 23. Bf1 Rfe8 24. f4 Re3 25. Qc3 Qxc3 26. Rxc3 Re1 27. Rxc5
Nxd3 28. Rxd5 Nxf2 29. Kxf2 Rb1 30. Rd2 Rb2 31. Ke1 Re8+ 32. Be2 h5 33. Kd1 h4
34. Bc4 h3 35. Rxb2 axb2 36. Kc2 Re1 37. Kxb2 Rh1 38. a4 Rxh2+ 39. Ka3 Rd2 40.
Bb5 Kf8 41. Bc6 Ke7 42. a5 Kd6 43. Bf3 Kc5 0-1

[Event "AUT9798"]
[Site "Fuerstenfeld"]
[Date "1998.03.07"]
[Round "10"]
[White "Schroll, G."]
[Black "Roth, P."]
[Result "1-0"]
[WhiteElo "2405"]
[BlackElo "2285"]
[PlyCount "67"]
[EventDate "1998.03.08"]

1. d4 Nf6 2. c4 e5 3. dxe5 Ng4 4. Bf4 Nc6 5. Nf3 Bb4+ 6. Nbd2 Qe7 7. e3 Ngxe5
8. Nxe5 Nxe5 9. Be2 O-O 10. O-O a5 11. Nb3 a4 12. a3 Bc5 13. Nxc5 Qxc5 14. Qd5
Qxd5 15. cxd5 Re8 16. Rac1 c6 17. Rfd1 f6 18. Rd4 Ra5 19. dxc6 dxc6 20. e4 Be6
21. f3 Bb3 22. Kf2 g6 23. Bxe5 Raxe5 24. Rd7 R5e7 25. Rxe7 Rxe7 26. Bc4+ Bxc4
27. Rxc4 Re5 28. Rxa4 Rc5 29. b4 Rc2+ 30. Kg3 b5 31. Ra7 Rc3 32. h4 Kh8 33. Kf4
Rc4 34. Rf7 1-0

[Event "AUT9798"]
[Site "Fuerstenfeld"]
[Date "1998.03.07"]
[Round "10"]
[White "Steiner, G."]
[Black "Neulinger, M."]
[Result "1-0"]
[WhiteElo "2205"]
[BlackElo "2310"]
[PlyCount "75"]
[EventDate "1998.03.08"]

1. d4 Nf6 2. c4 g6 3. Nc3 Bg7 4. e4 d6 5. Be2 O-O 6. Nf3 Bg4 7. Ng1 Bxe2 8.
Ngxe2 a6 9. O-O Nc6 10. Rb1 b5 11. cxb5 axb5 12. Nxb5 Rxa2 13. Na3 Nd7 14. Qb3
Rxa3 15. bxa3 Nxd4 16. Nxd4 Bxd4 17. Be3 Nc5 18. Qd5 Bxe3 19. fxe3 e6 20. Qc6
Qa8 21. Qxc7 Nxe4 22. Rxf7 Rxf7 23. Rb8+ Qxb8 24. Qxb8+ Kg7 25. a4 e5 26. a5
Nd2 27. g3 Nc4 28. a6 Nxe3 29. Qb7 Nc4 30. h4 h5 31. Kh2 e4 32. Qxe4 Ne5 33.
Kg2 Ra7 34. Qd5 Rc7 35. Qxd6 Rc2+ 36. Kf1 Rc1+ 37. Ke2 Rc2+ 38. Kd1 1-0

[Event "AUT9798"]
[Site "Fuerstenfeld"]
[Date "1998.03.07"]
[Round "10"]
[White "Posch, W."]
[Black "Tscholowitsch, C."]
[Result "1/2-1/2"]
[WhiteElo "2275"]
[BlackElo "2215"]
[PlyCount "70"]
[EventDate "1998.03.08"]

1. e4 c5 2. Nc3 e6 3. g3 d5 4. exd5 exd5 5. d3 Nf6 6. Bg2 Be7 7. Nge2 Na6 8.
O-O O-O 9. Re1 Nc7 10. Bg5 h6 11. Bxf6 Bxf6 12. Nf4 Bxc3 13. bxc3 Be6 14. Qh5
Qd6 15. Rab1 b6 16. c4 Rad8 17. cxd5 Bxd5 18. Nxd5 Nxd5 19. Bxd5 Qxd5 20. Qxd5
Rxd5 21. Re7 Ra8 22. Rbe1 22... c4 {(=)} 23. dxc4 Rc5 24. Rb7 Rf5 25. f4 Rd8
26. Re2 Rd4 27. Rxa7 Rxc4 28. Rb7 b5 29. Ra7 29... h5 {(=)} 30. Ra5 h4 31. Kg2
hxg3 32. hxg3 Rfc5 33. Kf3 Rc3+ 34. Kg4 g6 35. Kh3 Rxc2 1/2-1/2

[Event "AUT9798"]
[Site "Fuerstenfeld"]
[Date "1998.03.07"]
[Round "10"]
[White "Dizdar, G."]
[Black "Hickl, J."]
[Result "1/2-1/2"]
[WhiteElo "2545"]
[BlackElo "2565"]
[PlyCount "33"]
[EventDate "1998.03.08"]

1. d4 d6 2. Nf3 Bg4 3. c4 Nd7 4. Nc3 e5 5. g3 Bxf3 6. exf3 Ngf6 7. Bg2 Be7 8.
O-O O-O 9. f4 c6 10. Re1 exd4 11. Qxd4 Re8 12. b3 Qb6 13. Qxb6 Nxb6 14. Bb2 Bf8
15. Rxe8 Rxe8 16. Rd1 Nfd7 17. Ba3 1/2-1/2

[Event "AUT9798"]
[Site "Fuerstenfeld"]
[Date "1998.03.07"]
[Round "10"]
[White "Atlas, V."]
[Black "Duer, W."]
[Result "1-0"]
[WhiteElo "2455"]
[BlackElo "2330"]
[PlyCount "103"]
[EventDate "1998.03.08"]

1. e4 c6 2. d4 d5 3. e5 Bf5 4. Nf3 e6 5. Be2 Nd7 6. O-O Bg6 7. Be3 Nh6 8. Bg5
Be7 9. Bxe7 Qxe7 10. Nbd2 O-O 11. c4 dxc4 12. Nxc4 Nb6 13. Qd2 Nxc4 14. Bxc4
Qd8 15. h3 Nf5 16. Rad1 h6 17. Kh2 Rc8 18. Bb3 Rc7 19. g4 Nh4 20. Nxh4 Qxh4 21.
f4 Be4 22. Qe3 Bd5 23. Bc2 f6 24. exf6 gxf6 25. Bb3 Re7 26. Rde1 Rff7 27. Bxd5
cxd5 28. Qf2 Qxf2+ 29. Rxf2 Rf8 30. Rfe2 Rfe8 31. Kg3 Kf7 32. Kh4 Kg7 33. Rc1
Rd8 34. Rce1 Rde8 35. Re3 Kf7 36. R1e2 Kg7 37. Ra3 b6 38. Rc3 Kf7 39. Rc6 Rd8
40. b4 Rde8 41. Kh5 Rg8 42. b5 Rge8 43. Re1 Rg8 44. Rec1 Rd7 45. Rc7 Ke7 46.
Rxd7+ Kxd7 47. Kxh6 e5 48. Kh7 Re8 49. g5 Re7+ 50. Kh6 fxg5 51. fxg5 exd4 52.
g6 1-0

[Event "AUT9798"]
[Site "Fuerstenfeld"]
[Date "1998.03.07"]
[Round "10"]
[White "Fischler, W."]
[Black "Gaertner, G."]
[Result "0-1"]
[WhiteElo "2355"]
[BlackElo "2340"]
[PlyCount "82"]
[EventDate "1998.03.08"]

1. e4 c5 2. Nf3 e6 3. d4 cxd4 4. Nxd4 Nf6 5. Nc3 Nc6 6. Nxc6 bxc6 7. e5 Nd5 8.
Ne4 Ba6 9. Bd3 Bxd3 10. Qxd3 Qc7 11. f4 Qb6 12. c4 f5 13. exf6 Nxf6 14. Nxf6+
gxf6 15. b3 O-O-O 16. Be3 Bb4+ 17. Kf2 Bc5 18. Rhe1 e5 19. Bxc5 Qxc5+ 20. Qe3
Qxe3+ 21. Rxe3 d6 22. Rae1 c5 23. Rd1 Kc7 24. Kf3 Kc6 25. Ke4 f5+ 26. Kxf5
Rhf8+ 27. Kg5 Rg8+ 28. Kh4 exf4 29. Re2 Rg6 30. Rd5 Rdg8 31. g3 fxg3 32. hxg3
Rh6+ 33. Rh5 Rxh5+ 34. Kxh5 Rxg3 35. Re7 a5 36. Rxh7 Rg2 37. Ra7 Rxa2 38. Ra6+
Kc7 39. Kg5 Ra3 40. Kf5 Rxb3 41. Ke6 Re3+ 0-1

[Event "AUT9798"]
[Site "Fuerstenfeld"]
[Date "1998.03.07"]
[Round "10"]
[White "Grabher, H."]
[Black "Pilz, D."]
[Result "1-0"]
[WhiteElo "2260"]
[BlackElo "2250"]
[PlyCount "85"]
[EventDate "1998.03.08"]

1. e4 c5 2. Nf3 d6 3. d4 cxd4 4. Nxd4 Nf6 5. Nc3 a6 6. Bc4 g6 7. Be3 Bg7 8. f3
O-O 9. Qd2 Nc6 10. O-O-O Na5 11. Bb3 b5 12. h4 h5 13. Bh6 Kh7 14. Bxg7 Kxg7 15.
g4 e5 16. Nf5+ gxf5 17. Qg5+ Kh8 18. Qh6+ Nh7 19. Rxd6 Nxb3+ 20. axb3 Qa5 21.
Kb1 Bb7 22. Qxh5 Rg8 23. Qxf7 Rg7 24. Qxf5 b4 25. Nd5 Bxd5 26. Rxd5 Qc7 27.
Qxe5 Rc8 28. Qxc7 Rgxc7 29. Rh2 Nf6 30. Rd4 Rf8 31. e5 Ng8 32. f4 Nh6 33. g5
Nf5 34. Rxb4 Rd8 35. Re2 Rd1+ 36. Ka2 Nd4 37. Rxd4 Rxd4 38. e6 Rd8 39. b4 Kg8
40. f5 Rc4 41. f6 Rb8 42. g6 Rcxb4 43. e7 1-0

[Event "AUT9798"]
[Site "Fuerstenfeld"]
[Date "1998.03.07"]
[Round "10"]
[White "Pinter, J."]
[Black "Hoelzl, F."]
[Result "0-1"]
[WhiteElo "2590"]
[BlackElo "2440"]
[PlyCount "136"]
[EventDate "1998.03.08"]

1. d4 Nf6 2. c4 e6 3. Nf3 d5 4. Nc3 dxc4 5. e3 a6 6. a4 c5 7. Bxc4 Nc6 8. O-O
Be7 9. Ne5 cxd4 10. Nxc6 bxc6 11. exd4 a5 12. Qf3 Nd5 13. Ne4 O-O 14. Rd1 Ba6
15. b3 Qb6 16. Qg3 Qb8 17. Qh3 Rd8 18. Qf3 Rd7 19. h3 Qa7 20. Bd2 Nb6 21. Bxa6
Qxa6 22. Qg3 Kh8 23. Be3 Nd5 24. Qf3 Kg8 25. Bg5 Bxg5 26. Nxg5 Nf6 27. Rac1 Rd5
28. Qe3 Rad8 29. Nf3 c5 30. Rd2 cxd4 31. Rxd4 h6 32. Rcc4 Qd6 33. Qe1 Qb6 34.
Qc3 Rxd4 35. Rxd4 Nd5 36. Qc4 Rb8 37. Rd3 Rb7 38. Qd4 Qxd4 39. Nxd4 Rc7 40. Nb5
Rc6 41. g3 Kf8 42. Na3 Ke7 43. Nc4 Rc5 44. Kg2 Nb4 45. Rd2 Nc6 46. Rd3 g5 47.
Kf1 h5 48. Ke2 g4 49. hxg4 hxg4 50. Kd2 Rf5 51. Ke2 Rc5 52. Rd2 f5 53. Rd3 Kf6
54. Rd7 Ne5 55. Nxe5 Kxe5 56. Rb7 Ke4 57. b4 Rc2+ 58. Ke1 Rb2 59. Rb6 axb4 60.
Rxe6+ Kd3 61. Re3+ Kd4 62. Re7 Ra2 63. Rd7+ Kc3 64. Rc7+ Kb2 65. Rc5 b3 66.
Rxf5 Ka1 67. f3 b2 68. Rb5 gxf3 0-1

[Event "AUT9798"]
[Site "Fuerstenfeld"]
[Date "1998.03.07"]
[Round "10"]
[White "Horvath, J."]
[Black "Nielsen, P. H."]
[Result "1-0"]
[WhiteElo "2525"]
[BlackElo "2515"]
[PlyCount "87"]
[EventDate "1998.03.08"]

1. Nf3 c5 2. c4 Nc6 3. d4 cxd4 4. Nxd4 g6 5. e4 Bg7 6. Be3 Nf6 7. Nc3 O-O 8.
Be2 d6 9. O-O Bd7 10. Qd2 Nxd4 11. Bxd4 Bc6 12. f3 a5 13. b3 Nd7 14. Bf2 Nc5
15. Rab1 Be5 16. Bd1 b6 17. Bc2 Qc7 18. Rfe1 e6 19. Ne2 Rfd8 20. Nd4 d5 21.
Nxc6 Qxc6 22. exd5 Qd6 23. Qh6 exd5 24. cxd5 Bg7 25. Qh4 Bf6 26. Qc4 Be5 27. g3
Rac8 28. Rbd1 Nd7 29. Qe4 Bc3 30. Re2 Nf6 31. Qh4 Bb4 32. Bd3 Bc5 33. Bc4 Re8
34. Rxe8+ Rxe8 35. g4 h5 36. Bxc5 bxc5 37. g5 Nd7 38. Bb5 Ne5 39. Qg3 h4 40.
Qf4 Rb8 41. a4 Rb7 42. Kg2 Re7 43. Qf6 Qxf6 44. gxf6 1-0

[Event "AUT9798"]
[Site "Fuerstenfeld"]
[Date "1998.03.07"]
[Round "10"]
[White "Baumegger, S."]
[Black "Titz, H."]
[Result "0-1"]
[WhiteElo "2485"]
[BlackElo "2285"]
[PlyCount "81"]
[EventDate "1998.03.08"]

1. d4 Nf6 2. c4 e6 3. Nc3 Bb4 4. e3 c5 5. Bd3 Nc6 6. Nge2 d5 7. O-O O-O 8. cxd5
exd5 9. a3 cxd4 10. exd4 Bd6 11. h3 h6 12. Bc2 Re8 13. Bf4 Bxf4 14. Nxf4 Qd6
15. Nce2 g5 16. Nd3 Bf5 17. Nb4 Be4 18. Nxc6 Qxc6 19. Rc1 Qe6 20. Nc3 Rac8 21.
Ba4 Red8 22. Re1 Qd6 23. f3 Bg6 24. Re5 a6 25. Bc2 Bxc2 26. Rxc2 Rc4 27. Rd2
Rxd4 28. Rxg5+ hxg5 29. Rxd4 Qe5 30. Qd2 Kg7 31. Kf2 Qf5 32. Qd3 Kg6 33. Ne2
Rc8 34. Qxf5+ Kxf5 35. Rd2 Ke5 36. Ke3 Rc4 37. Kd3 Nh5 38. Rd1 Nf4+ 39. Nxf4
Rd4+ 40. Ke2 Rxd1 41. Kxd1 0-1

[Event "AUT9798"]
[Site "Fuerstenfeld"]
[Date "1998.03.07"]
[Round "10"]
[White "Steflitsch, E."]
[Black "Freitag, M."]
[Result "1/2-1/2"]
[WhiteElo "2305"]
[BlackElo "2390"]
[PlyCount "69"]
[EventDate "1998.03.08"]

1. e4 c5 2. Nf3 d6 3. d4 cxd4 4. Nxd4 Nf6 5. Nc3 a6 6. Bg5 e6 7. f4 Be7 8. Qf3
Qc7 9. O-O-O Nbd7 10. g4 b5 11. Bxf6 Nxf6 12. g5 Nd7 13. a3 Rb8 14. h4 O-O 15.
f5 Ne5 16. Qe3 Re8 17. f6 Bf8 18. h5 b4 19. axb4 Rxb4 20. fxg7 Bxg7 21. g6 fxg6
22. hxg6 Nxg6 23. b3 Be5 24. Kb1 Qc5 25. Nce2 Re7 26. Rg1 a5 27. Qg5 Rf7 28.
Qd2 Rfb7 29. Bh3 a4 30. Qh6 axb3 31. Rxg6+ hxg6 32. Qxg6+ Bg7 33. Bxe6+ Bxe6
34. Qxe6+ Rf7 35. Qe8+ 1/2-1/2

[Event "AUT9798"]
[Site "Fuerstenfeld"]
[Date "1998.03.07"]
[Round "10"]
[White "Postl, A."]
[Black "Schumi, M."]
[Result "1-0"]
[WhiteElo "2275"]
[BlackElo "2245"]
[PlyCount "67"]
[EventDate "1998.03.08"]

1. d4 Nf6 2. c4 g6 3. Nc3 Bg7 4. e4 d6 5. Be2 O-O 6. Nf3 e5 7. d5 a5 8. Nd2 Na6
9. h4 Nd7 10. h5 Ndc5 11. hxg6 fxg6 12. Nf3 c6 13. Bg5 Bf6 14. Bh6 Rf7 15. Qd2
cxd5 16. cxd5 Bd7 17. Ng5 Bxg5 18. Bxg5 Qe8 19. O-O b5 20. f3 Qb8 21. Rfc1 Ra7
22. Nd1 b4 23. Ne3 Rb7 24. Nc4 Rb5 25. Be3 Rf8 26. g3 Rf7 27. Kg2 Be8 28. Rh1
Nd7 29. Nxd6 Qxd6 30. Bxb5 Nc7 31. Bc4 Nf6 32. Rac1 Bb5 33. Bxb5 Nxb5 34. Rc8+
1-0

[Event "AUT9798"]
[Site "Fuerstenfeld"]
[Date "1998.03.07"]
[Round "10"]
[White "Petschar, K."]
[Black "Demuth, M."]
[Result "0-1"]
[WhiteElo "2270"]
[BlackElo "2230"]
[PlyCount "64"]
[EventDate "1998.03.08"]

1. e4 e6 2. d4 d5 3. Nc3 Nf6 4. e5 Nfd7 5. f4 c5 6. Nf3 Nc6 7. Be3 a6 8. Qd2 b5
9. dxc5 Bxc5 10. Nd4 Qb6 11. O-O-O Bb7 12. g3 Rc8 13. Bg2 Na5 14. Bg1 Nc4 15.
Qd3 Bxd4 16. Bxd4 Qa5 17. Kb1 Nc5 18. Qf3 Qb4 19. Ne2 Nd2+ 20. Rxd2 Qxd2 21.
Be3 Ne4 22. Nd4 Qxd4 23. Bxd4 Nd2+ 24. Kc1 Nxf3 25. Bxf3 Ke7 26. b4 a5 27. a3
axb4 28. axb4 Rc4 29. c3 Rhc8 30. Kd2 Ra8 31. Be2 Ra3 32. Ke3 Rcxc3+ 0-1

[Event "AUT9798"]
[Site "Fuerstenfeld"]
[Date "1998.03.07"]
[Round "10"]
[White "Penz, H."]
[Black "Kindermann, S."]
[Result "1/2-1/2"]
[WhiteElo "2390"]
[BlackElo "2570"]
[PlyCount "31"]
[EventDate "1998.03.08"]

1. e4 e6 2. d4 d5 3. exd5 exd5 4. c4 Nf6 5. Nc3 Bb4 6. Bd3 O-O 7. Nge2 c5 8.
O-O dxc4 9. Bxc4 Nc6 10. Bg5 cxd4 11. Nd5 Be7 12. Nxe7+ Qxe7 13. Nxd4 Qc5 14.
Bxf6 Qxc4 15. b3 Qd5 16. Nxc6 1/2-1/2

[Event "AUT9798"]
[Site "Fuerstenfeld"]
[Date "1998.03.07"]
[Round "10"]
[White "Stanec, N."]
[Black "Dueckstein, A."]
[Result "1/2-1/2"]
[WhiteElo "2465"]
[BlackElo "2330"]
[PlyCount "59"]
[EventDate "1998.03.08"]

1. c4 e5 2. Nc3 Nf6 3. Nf3 Nc6 4. g3 d5 5. cxd5 Nxd5 6. Bg2 Be6 7. O-O Be7 8.
d3 O-O 9. Bd2 Qd7 10. Rc1 Nxc3 11. Bxc3 f6 12. Nd2 Bd5 13. Bxd5+ Qxd5 14. Qa4
Bc5 15. a3 Rfd8 16. Qg4 Kh8 17. Nc4 Bd4 18. Bd2 Qd7 19. Qh5 b5 20. Na5 Nxa5 21.
Bxa5 Rdc8 22. Rc2 Bb6 23. Bd2 c5 24. Be3 c4 25. Bxb6 axb6 26. Rc3 Rc5 27. Qf3
Rac8 28. Rd1 h6 29. Rd2 Rd8 30. Rdc2 1/2-1/2

[Event "AUT9798"]
[Site "Fuerstenfeld"]
[Date "1998.03.07"]
[Round "10"]
[White "Bawart, M."]
[Black "Felsberger, A."]
[Result "1/2-1/2"]
[WhiteElo "2325"]
[BlackElo "2375"]
[PlyCount "52"]
[EventDate "1998.03.08"]

1. c4 b6 2. Nf3 c5 3. g3 Bb7 4. Bg2 Nf6 5. Nc3 e6 6. O-O a6 7. b3 Be7 8. Bb2 d6
9. Rc1 O-O 10. Rc2 Nbd7 11. d4 cxd4 12. Qxd4 Qc7 13. Rfc1 Rac8 14. Ne1 Rfd8 15.
Ne4 Nc5 16. Nxf6+ Bxf6 17. Qe3 Bxb2 18. Rxb2 h6 19. Bxb7 Qxb7 20. b4 Nd7 21.
Nd3 Rc6 22. c5 Rdc8 23. cxd6 Rxc1+ 24. Nxc1 Ne5 25. Rb1 Nc4 26. Qd3 Qc6 1/2-1/2

[Event "AUT9798"]
[Site "Fuerstenfeld"]
[Date "1998.03.07"]
[Round "10"]
[White "Watzka, H."]
[Black "Janetschek, K."]
[Result "1-0"]
[WhiteElo "2370"]
[BlackElo "2305"]
[PlyCount "49"]
[EventDate "1998.03.08"]

1. e4 c5 2. Nf3 e6 3. d4 cxd4 4. Nxd4 Nf6 5. Nc3 Nc6 6. Ndb5 d6 7. Bf4 e5 8.
Bg5 a6 9. Na3 b5 10. Nd5 Be7 11. Bxf6 Bxf6 12. c4 Bg5 13. cxb5 Nd4 14. b6 O-O
15. Bc4 Bb7 16. O-O Rb8 17. f4 Be7 18. Kh1 Kh8 19. Rc1 f5 20. Qd3 Qe8 21. exf5
Rxf5 22. Rce1 Bd8 23. Qxd4 Bxb6 24. Qd3 Qg6 25. Rf3 1-0

[Event "AUT9798"]
[Site "Fuerstenfeld"]
[Date "1998.03.07"]
[Round "10"]
[White "Zoebisch, H."]
[Black "Wittmann, W."]
[Result "0-1"]
[WhiteElo "2255"]
[BlackElo "2405"]
[PlyCount "48"]
[EventDate "1998.03.08"]

1. d4 Nf6 2. c4 g6 3. Nc3 Bg7 4. e4 d6 5. f3 O-O 6. Be3 a6 7. Qd2 b6 8. O-O-O
c5 9. dxc5 bxc5 10. Bxc5 Nc6 11. Be3 Be6 12. Bh6 Bxh6 13. Qxh6 Rb8 14. Qd2 Qa5
15. Kb1 Rb4 16. Nd5 Bxd5 17. cxd5 Ne5 18. b3 Rfb8 19. Qb2 Nfd7 20. Rc1 Nc5 21.
Rxc5 dxc5 22. Ne2 Nd3 23. Qc2 Qa3 24. Qxd3 c4 0-1

[Event "AUT9798"]
[Site "Fuerstenfeld"]
[Date "1998.03.08"]
[Round "11"]
[White "Rabiega, R."]
[Black "Penz, H."]
[Result "1/2-1/2"]
[WhiteElo "2490"]
[BlackElo "2390"]
[PlyCount "217"]
[EventDate "1998.03.08"]

1. e4 e5 2. Bc4 Nf6 3. d3 Nc6 4. Nf3 Be7 5. O-O O-O 6. Re1 d6 7. a4 Bg4 8. h3
Bh5 9. c3 Kh8 10. Nbd2 d5 11. exd5 Nxd5 12. Nf1 f6 13. a5 Bc5 14. Ng3 Bg6 15.
Ne4 Bxe4 16. dxe4 Nde7 17. b4 Bd6 18. Nh4 Qd7 19. Qg4 Qxg4 20. hxg4 g5 21. Nf5
Nxf5 22. gxf5 Ne7 23. Be3 Rfd8 24. Red1 Kg7 25. g4 b6 26. axb6 axb6 27. Rxa8
Rxa8 28. Bxb6 Ra3 29. Bxc7 Bxc7 30. Rd7 Bd6 31. Rxd6 Rxc3 32. Be6 Rc1+ 33. Kg2
Rb1 34. Rb6 Ng8 35. Rb7+ Kh6 36. Rf7 Rxb4 37. Rf8 Rxe4 38. Rxg8 Rxg4+ 39. Kf3
Rf4+ 40. Ke3 g4 41. Ke2 Rb4 42. Kf1 Kh5 43. Rg7 e4 44. Kg2 Rd4 45. Bg8 Rd2 46.
Kf1 h6 47. Rg6 Kh4 48. Rxf6 Kg5 49. Rf8 Kf4 50. Ke1 Rb2 51. Ra8 g3 52. fxg3+
Kxf5 53. Ra3 h5 54. Re3 Rh2 55. Bd5 h4 56. Bxe4+ Kg5 57. Bd5 hxg3 58. Rxg3+ Kf4
59. Rf3+ Ke5 60. Bc4 Kd4 61. Be2 Ke5 62. Kd2 Ke4 63. Ra3 Kd4 64. Ra4+ Ke5 65.
Ke3 Rh1 66. Ra5+ Kd6 67. Bd3 Rc1 68. Kd4 Rd1 69. Ra6+ Ke7 70. Ke4 Re1+ 71. Kf5
Rc1 72. Ke5 Rc5+ 73. Kd4 Rc7 74. Bc4 Rd7+ 75. Ke5 Rc7 76. Bd5 Kd8 77. Rh6 Ke7
78. Bc6 Kd8 79. Rd6+ Ke7 80. Re6+ Kf7 81. Kf5 Kf8 82. Be4 Rf7+ 83. Kg5 Re7 84.
Rf6+ Ke8 85. Bf5 Re1 86. Rd6 Kf7 87. Rd7+ Re7 88. Rd8 Rc7 89. Rd6 Ke7 90. Rd5
Ra7 91. Kf4 Rb7 92. Ke5 Rc7 93. Rb5 Kd8 94. Be6 Ke7 95. Rb8 Rc5+ 96. Bd5 Rc7
97. Rg8 Rd7 98. Rh8 Rc7 99. Rh6 Kd8 100. Be6 Ke7 101. Kd5 Rc1 102. Rh7+ Kf6
103. Rf7+ Kg6 104. Rf4 Rd1+ 105. Ke5 Re1+ 106. Kd6 Rg1 107. Ke7 Kg5 108. Rf5+
Kh4 109. Kf6 1/2-1/2

[Event "AUT9798"]
[Site "Fuerstenfeld"]
[Date "1998.03.08"]
[Round "11"]
[White "Dueckstein, A."]
[Black "Herndl, H."]
[Result "1-0"]
[WhiteElo "2330"]
[BlackElo "2365"]
[PlyCount "99"]
[EventDate "1998.03.08"]

1. e4 e6 2. d4 d5 3. Nc3 Nf6 4. Bg5 dxe4 5. Nxe4 Nbd7 6. Nf3 Be7 7. Nxf6+ Bxf6
8. Bxf6 Qxf6 9. Bd3 c5 10. O-O cxd4 11. Re1 O-O 12. Nxd4 Nc5 13. Bxh7+ Kxh7 14.
Qh5+ Kg8 15. Qxc5 b6 16. Qe5 Qxe5 17. Rxe5 f6 18. Ree1 e5 19. Nf3 Bf5 20. Re2
Rac8 21. Rc1 Rfd8 22. h3 Rd5 23. Ne1 g5 24. f3 Kf7 25. Kf2 Bg6 26. Ke3 Rcd8 27.
c4 Rd4 28. Rc3 Rc8 29. b3 b5 30. Nc2 Rh4 31. Rd2 Ke6 32. Ke2 a5 33. Ne3 Rd4 34.
Rc1 f5 35. g4 f4 36. Rxd4 exd4 37. Nf5 bxc4 38. Rxc4 Rh8 39. Rc6+ Kf7 40. Rc5
Rxh3 41. Rxa5 d3+ 42. Kxd3 Rxf3+ 43. Kd4 Rf2 44. Ra7+ Kf6 45. Ra6+ Kf7 46. Nd6+
Kg7 47. Nc4 Re2 48. Ra7+ Kf6 49. Ra6+ Kg7 50. Ra7+ 1-0

[Event "AUT9798"]
[Site "Fuerstenfeld"]
[Date "1998.03.08"]
[Round "11"]
[White "Fahrner, K."]
[Black "Bawart, M."]
[Result "1-0"]
[WhiteElo "2325"]
[BlackElo "2325"]
[PlyCount "93"]
[EventDate "1998.03.08"]

1. c4 e5 2. g3 Nf6 3. Bg2 c6 4. d3 Bb4+ 5. Nd2 O-O 6. a3 Bc5 7. b4 Bb6 8. Ngf3
d5 9. e4 dxe4 10. dxe4 Qe7 11. c5 Bc7 12. O-O b6 13. cxb6 axb6 14. Qc2 Ba6 15.
Re1 Rd8 16. Bf1 Bxf1 17. Nxf1 c5 18. b5 Qd7 19. Qb2 Ra4 20. Bg5 Qe6 21. Qc2 Ra5
22. a4 h6 23. Bc1 Nbd7 24. Ne3 Qh3 25. Bb2 Re8 26. Nd2 Ng4 27. Nxg4 Qxg4 28.
Nc4 Raa8 29. Ne3 Qe6 30. Nd5 Bd8 31. Red1 Nf6 32. Kg2 Nxd5 33. Rxd5 Bc7 34.
Rad1 Red8 35. Qc4 Rxd5 36. Rxd5 Kf8 37. Bc3 Ke7 38. a5 f6 39. a6 Ra7 40. h3 h5
41. h4 g6 42. Qd3 Bb8 43. Rd8 Rd7 44. Rxd7+ Qxd7 45. Qxd7+ Kxd7 46. Kf3 Ke6 47.
Ke3 1-0

[Event "AUT9798"]
[Site "Fuerstenfeld"]
[Date "1998.03.08"]
[Round "11"]
[White "Janetschek, K."]
[Black "Ebner, H."]
[Result "1/2-1/2"]
[WhiteElo "2305"]
[BlackElo "2295"]
[PlyCount "106"]
[EventDate "1998.03.08"]

1. e4 c5 2. Nf3 d6 3. d4 cxd4 4. Nxd4 Nf6 5. Nc3 g6 6. Be3 Bg7 7. f3 O-O 8. Qd2
Nc6 9. Bc4 Bd7 10. O-O-O Ne5 11. Bb3 Rc8 12. Qe2 Qa5 13. Kb1 e6 14. f4 Neg4 15.
Bd2 Qc5 16. h3 Qxd4 17. hxg4 Bc6 18. Be1 Qc5 19. Bf2 Qb4 20. Rd4 Qa5 21. Rxd6
Nd7 22. e5 Nc5 23. Bxc5 Qxc5 24. g5 Rfd8 25. Rxd8+ Rxd8 26. Qg4 Qf2 27. Qh3
Qxg2 28. Qxh7+ Kf8 29. Rc1 Qf2 30. Qh3 Bg2 31. Qh2 Rd2 32. Bc4 Qd4 33. Bd3 Qf2
34. a3 Kg8 35. Rd1 Bf8 36. Be4 Rxd1+ 37. Nxd1 Qe1 38. Qxg2 Qxd1+ 39. Ka2 b6 40.
Bd3 Kg7 41. Qb7 Qd2 42. Bc4 Kg8 43. Qxa7 Qxc2 44. Bb5 Qc5 45. Qd7 Qf2 46. Qd8
Qc5 47. Bd3 Kg7 48. Qf6+ Kg8 49. Bxg6 Qd5+ 50. Ka1 fxg6 51. Qxg6+ Kh8 52. Qh5+
Kg8 53. Qg6+ Kh8 1/2-1/2

[Event "AUT9798"]
[Site "Fuerstenfeld"]
[Date "1998.03.08"]
[Round "11"]
[White "Spindelboeck, G."]
[Black "Zoebisch, H."]
[Result "1/2-1/2"]
[WhiteElo "2200"]
[BlackElo "2255"]
[PlyCount "45"]
[EventDate "1998.03.08"]

1. d4 d5 2. Nf3 Nf6 3. e3 e6 4. Bd3 Nbd7 5. O-O Be7 6. Nbd2 c5 7. c3 O-O 8. Qe2
b6 9. e4 dxe4 10. Nxe4 Bb7 11. Rd1 cxd4 12. Nxf6+ Nxf6 13. cxd4 Rc8 14. a3 Qd5
15. Be3 Rfd8 16. Rac1 h6 17. h3 Bd6 18. Ba6 Rxc1 19. Rxc1 Ba8 20. Bc4 Qe4 21.
Bd3 Qd5 22. Bc4 Qe4 23. Bd3 1/2-1/2

[Event "AUT9798"]
[Site "Fuerstenfeld"]
[Date "1998.03.08"]
[Round "11"]
[White "Weinzettl, E."]
[Black "Horvath, J."]
[Result "1/2-1/2"]
[WhiteElo "2410"]
[BlackElo "2525"]
[PlyCount "49"]
[EventDate "1998.03.08"]

1. e4 c5 2. Nf3 Nc6 3. d4 cxd4 4. Nxd4 Qc7 5. Nc3 e6 6. g3 a6 7. Bg2 Nf6 8. O-O
Bc5 9. Nxc6 dxc6 10. Na4 Ba7 11. c4 Nd7 12. b4 a5 13. b5 e5 14. Ba3 Bd4 15. Rb1
b6 16. c5 cxb5 17. cxb6 Nxb6 18. Rxb5 Nc4 19. Qc2 Bd7 20. Rd5 Rc8 21. Bc5 Be6
22. Qxc4 Bxd5 23. Qxd5 Bxc5 24. Bh3 O-O 25. Bxc8 1/2-1/2

[Event "AUT9798"]
[Site "Fuerstenfeld"]
[Date "1998.03.08"]
[Round "11"]
[White "Titz, H."]
[Black "Plank, F."]
[Result "1/2-1/2"]
[WhiteElo "2285"]
[BlackElo "2260"]
[PlyCount "73"]
[EventDate "1998.03.08"]

1. c4 e6 2. Nf3 d5 3. d4 c6 4. Nc3 dxc4 5. a4 Bb4 6. e3 b5 7. Bd2 Qb6 8. axb5
cxb5 9. Ne5 Nf6 10. b3 Nd5 11. Rc1 Nxc3 12. Bxc3 Bxc3+ 13. Rxc3 O-O 14. bxc4 b4
15. c5 Qc7 16. Rb3 a5 17. Be2 Bb7 18. O-O Bd5 19. Rb2 Nc6 20. Nxc6 Qxc6 21. f3
f5 22. Qb1 e5 23. Rc1 exd4 24. exd4 g6 25. Bc4 Bxc4 26. Rxc4 Rfd8 27. Qd3 Rab8
28. Rc1 Qd5 29. Qc4 Kf8 30. Qxd5 Rxd5 31. Rc4 Rbd8 32. Ra2 Rxd4 33. Rxd4 Rxd4
34. Rxa5 Rc4 35. Rb5 Kf7 36. Rb6 Rxc5 37. Rxb4 1/2-1/2

[Event "AUT9798"]
[Site "Fuerstenfeld"]
[Date "1998.03.08"]
[Round "11"]
[White "Schumi, M."]
[Black "Schneider-Zinner, H."]
[Result "0-1"]
[WhiteElo "2245"]
[BlackElo "2265"]
[PlyCount "106"]
[EventDate "1998.03.08"]

1. e4 e6 2. d4 d5 3. Nd2 c5 4. Ngf3 cxd4 5. exd5 Qxd5 6. Bc4 Qd8 7. O-O a6 8.
Nb3 Nc6 9. Nbxd4 Nxd4 10. Nxd4 Bd6 11. Nf3 Ne7 12. Qe2 O-O 13. Re1 Qc7 14. Bd3
Ng6 15. h3 Nf4 16. Bxf4 Bxf4 17. Rad1 g6 18. Ne5 Bh6 19. Bc4 Bg7 20. Bb3 a5 21.
Rd4 b5 22. a3 Qc5 23. c3 Rb8 24. Nd7 Bxd7 25. Rxd7 b4 26. cxb4 axb4 27. a4 Rbd8
28. Rb7 Rb8 29. Rxb8 Rxb8 30. Qd2 Qd4 31. Re2 Rc8 32. g3 Qxd2 33. Rxd2 Rc1+ 34.
Kg2 Rb1 35. Rd8+ Bf8 36. a5 Kg7 37. a6 Bc5 38. Rd2 e5 39. Rd5 Bd4 40. Rxd4 exd4
41. Bc4 Ra1 42. Bb5 b3 43. Bc4 f5 44. Kf3 Kf6 45. Ke2 Ke5 46. Bxb3 Rxa6 47. Kd3
g5 48. Bg8 Rh6 49. b4 Rxh3 50. Kc4 Rh1 51. b5 Rc1+ 52. Kb4 d3 53. b6 Kd6 0-1

[Event "AUT9798"]
[Site "Fuerstenfeld"]
[Date "1998.03.08"]
[Round "11"]
[White "Hadjieff, D."]
[Black "Petschar, K."]
[Result "0-1"]
[WhiteElo "2215"]
[BlackElo "2270"]
[PlyCount "90"]
[EventDate "1998.03.08"]

1. e4 c5 2. Nf3 Nc6 3. Bb5 d6 4. O-O Bd7 5. Re1 a6 6. Bf1 Bg4 7. h3 Bh5 8. d3
Nf6 9. c3 e6 10. Bg5 Be7 11. Nbd2 O-O 12. g4 Bg6 13. Nh4 Nd7 14. Nxg6 hxg6 15.
Be3 e5 16. f4 exf4 17. Bxf4 Nce5 18. Nf3 Nxf3+ 19. Qxf3 Bg5 20. Rad1 Qf6 21.
Bxg5 Qxf3 22. Bg2 Qg3 23. e5 Nxe5 24. Re3 Qxe3+ 25. Bxe3 Rfe8 26. Bf2 Nc6 27.
Kf1 Rad8 28. a3 Rd7 29. b4 cxb4 30. axb4 d5 31. Rb1 Ne5 32. Rd1 f6 33. Re1 Kf7
34. Rd1 g5 35. Bc5 Ng6 36. Kf2 Nf4 37. Bf1 Rc8 38. c4 dxc4 39. d4 b5 40. Ra1
Rc6 41. Kf3 Rd8 42. h4 Ne6 43. hxg5 Nxd4+ 44. Kf4 Ne6+ 45. Ke4 Nxc5+ 0-1